000 00490nam a2200181Ia 4500
001 13448
005 20260306164802.0
008 260306t2005||||xx |||||||||||||| ||spa||
041 _aESP
082 _a004.16
_bG37
100 _aGershenfeld, Neil
_eAUT
245 0 _aFab:
_bthe coming revolution on your desktop-from personal computers to personal fabrication
260 _c2005
300 _ax, 278 páginas :
_c23 cm.
650 _aGEN
654 _aCCC
942 _cLIB
_dJUS
_fJUS
_2ddc
_n
999 _c13448
_d13448